000 00333 a2200145 4500
001 162927
020 _a
040 _cMagnum
100 _a-
240 1 0 _aRevista de educacao aec/para onde vai a escola ?
_lpor
245 1 0 _aRevista de educacao aec/para onde vai a escola ?
362 0 _a1899
697 _aENSINO
942 _cBK
999 _c162927
_d162927